| 000 | 00942nam a22002417a 4500 | ||
|---|---|---|---|
| 003 | OSt | ||
| 005 | 20201105133154.0 | ||
| 008 | 130408s1999 dr 000 0 spa d | ||
| 040 |
_aDO-SdBNP _bspa _cBNPHU |
||
| 082 |
_axxxxx _bxxxxx |
||
| 100 | 1 |
_aScheker Ortiz, Luis _964672 |
|
| 245 | 1 | 0 |
_aMecanismo para adecentar la administración pública / _cLuis Scheker Ortiz ; presentación Onofre Rojas |
| 260 |
_aSanto Domingo : _bComisión Presidencial para la Reforma y Modernización del Estado, _c1999. |
||
| 300 |
_a68 p. ; _c21 cm. |
||
| 490 | 1 |
_aConversatorios de la reforma ; _v8 ; |
|
| 500 | _aConversatorio realizado el 29 de abril de 1998. | ||
| 590 | _aInventariado, 2020/ YL | ||
| 700 | 1 | 2 |
_aRojas, Onofre _epres. _931119 |
| 710 | 2 |
_aRepública Dominicana. _bComisión Presidencial para la Reforma y Modernización del Estado _97089 |
|
| 830 | 0 |
_aConversatorios de la reforma _v8 _916542 |
|
| 910 | _aYLockward | ||
| 942 |
_2ddc _cLBS1 |
||
| 999 |
_c49086 _d49086 |
||